Más allá de narciso: la problemática de las identidades /
El libro reúne trabajos referidos a diversos temas inherentes a las culturas, cuyo común denominador es el intento de abordarlos desde el psicoanálisis con un sesgo transdisciplinario. Se integra de cuatro partes: La I parte, “Individuo y Sociedad”, se refiere a la problemática del psicoanálisis en...
Uloženo v:
| Hlavní autor: | |
|---|---|
| Médium: | Neznámo |
| Jazyk: | Spanish |
| Vydáno: |
Buenos Aires, Argentina :
LUMEN
|
| Témata: | |
| Tagy: |
Přidat tag
Žádné tagy, Buďte první, kdo vytvoří štítek k tomuto záznamu!
|
MARC
| LEADER | 00000 a2200000 04500 | ||
|---|---|---|---|
| 001 | 45193 | ||
| 003 | cru CIDCACS/IIS | ||
| 005 | 20231020062556.0 | ||
| 007 | ta | ||
| 008 | 050624s2002 ag spa d | ||
| 020 | |a 987-00-0250-1 | ||
| 022 | |a 987-00-0250-1 | ||
| 040 | |a CRAI/IIS |c CRAI/IIS | ||
| 090 | |a 0001 M781m | ||
| 100 | |a Montevechio, Blanca | ||
| 245 | |a Más allá de narciso: |b la problemática de las identidades / |c Blanca Montevechio | ||
| 260 | |a Buenos Aires, Argentina : |b LUMEN | ||
| 300 | |a 228 páginas | ||
| 520 | |a El libro reúne trabajos referidos a diversos temas inherentes a las culturas, cuyo común denominador es el intento de abordarlos desde el psicoanálisis con un sesgo transdisciplinario. Se integra de cuatro partes: La I parte, “Individuo y Sociedad”, se refiere a la problemática del psicoanálisis en los contextos culturales, a su ubicación frente a la sociedad en proceso de globalización y a su carácter interdisciplinario. En la II parte, “Latinoamérica”, se abordan problemas referidos a la identidad latinoamericana y argentina, observando el fenómeno de la repetición compulsiva de conductas a nivel social e institucional, incluyendo las instituciones psicoanalíticas y de la salud como campo privilegiado de la observación participante. La parte III, “Mitopoiesis y Proceso Creador”, está centrada en fenómenos de mitopoiesis: movimiento mesiánico y mito en estado naciente, y su incidencia en el insconsciente colectivo y el imaginario social, coincidiendo con profundos cambios culturales. La IV parte “Naturaleza y Cultura”, trata de la dialéctica naturaleza-cultura, incluido lo referente a los vínculos tempranos en la constitución del psiquismo humano en su dimensión arcaica y a los cambios en las representaciones sociales que asignan al cuerpo una posición determinada de simbolismo general de una sociedad. Se retoma la construcción de estereotipos y roles de género, cuya internalización organiza las subjetividades y la identidad de género a partir de las relaciones de poder. AGM/160719 | ||
| 590 | |a DISEMINAR082013 | ||
| 650 | 4 | |9 3405 |a ROLES SEXUALES | |
| 650 | 0 | |9 88 |a MUJERES | |
| 650 | 0 | |9 690 |a HOMBRES | |
| 650 | 0 | |9 126 |a CULTURA | |
| 650 | 0 | |9 623 |a CULTURA POPULAR | |
| 650 | 0 | |9 2795 |a RELIGION | |
| 650 | 0 | |9 3235 |a LITERATURA | |
| 650 | 0 | |a PSICOLOGIA |9 3105 | |
| 650 | 4 | |9 4350 |a ANTROPOLOGIA | |
| 650 | 0 | |9 7651 |a INDIVIDUOS | |
| 650 | 0 | |9 136 |a HISTORIA | |
| 650 | 0 | |9 26 |a SOCIEDAD | |
| 650 | 0 | |9 1001 |a MODERNIDAD | |
| 650 | 0 | |9 7143 |a POSTMODERNIDAD | |
| 650 | 0 | |9 1007 |a NATURALEZA | |
| 650 | 0 | |9 4499 |a MEMORIAS | |
| 650 | 0 | |9 5457 |a PSICOANALISIS | |
| 650 | 0 | |9 1207 |a MITOS | |
| 650 | 0 | |9 8445 |a DISCIPLINAS CIENTIFICAS | |
| 650 | 0 | |a ROLES DE LOS GENEROS |9 5169 | |
| 651 | 0 | |9 17 |a AMERICA LATINA | |
| 942 | |2 ddc |c LI | ||
| 999 | |c 7226 |d 7226 | ||



